O problémovom vyučovaní

Bibliographic Details
Main Author: Turek, Ivan, 1944-2016 (Author)
Format: Book
Language:Slovak
PhysicalDescription:347 strán ilustrácie, schémy, tabuľky 21 cm
Published: Bratislava Slovenské pedagogické nakladateľstvo 1982
Edition:1. vyd.
Subjects:

MARC

LEADER 00000cam a2200000 a 4500
001 vtls001090954
003 SK-MaSNL
005 20260301111257.0
008 230501s1982 xo al frnf 00000 slo
015 |a SNBA1983/04 
020 |q (viazané) 
035 |a SNK000033796 
035 |a EE62A4EC-27A1-4234-B442-242CAE8DA33A 
035 |a urn:nbn:sk:snk-am00ij9b 
040 |a SNK  |b slo  |c SNK  |e AACR2 
041 0 |a slo  |b ger  |b rus 
044 |a xo  |c SK 
072 7 |a 376  |x Výchova a vzdelávanie zvláštnych skupín osôb  |2 konspekt 
080 |a 371.315(035)  |2 2001 
080 |a 37.01/.09  |2 2011 
080 |a (072)  |2 2011 
080 |a 373.3.011.3-052-056.49  |2 2011 
080 |a 376  |2 2011 
100 1 |a Turek, Ivan,  |d 1944-2016  |4 aut  |9 213793 
245 1 0 |a O problémovom vyučovaní  |c Ivan Turek 
250 |a 1. vyd. 
260 |a Bratislava  |b Slovenské pedagogické nakladateľstvo  |c 1982  |e Trnava  |f Polygrafické závody 
300 |a 347 strán  |b ilustrácie, schémy, tabuľky  |c 21 cm 
366 |e 5000 výtl. 
504 |a Bibliografia na strane 311-317. Bibliografické odkazy 
546 |a Nemecké a ruské resumé 
650 0 7 |a problémoví žiaci  |2 SNKPH  |9 71393 
650 0 7 |a výchova a vzdelávanie  |2 SNKPH  |9 1684 
650 0 7 |a špeciálna pedagogika  |2 SNKPH  |9 958 
655 7 |a metodické príručky  |2 SNKPH  |9 70250 
852 |a Slovenská národná knižnica 
954 |a odborná, vedecká literatúra pôvodná (slovenská)  |2 lita 
958 |a OND 
958 |a SP 
958 |a NB 
958 |a TL 
958 |a EUIPO 
999 |c 706288  |d 708218 
952 |t P60, <03>, [BOOK], {603}  |a SNK  |b SNK  |y PREZ  |7 0  |p 17A0093660  |o snkSC 57725  |i snkKSP 2170/83  |0 0  |1 0  |4 0  |d 1997-09-09  |f 1  |l 0  |r 2025-06-03 00:00:00  |w 2026-02-23 
952 |t P60, <04>, [BOOK], {604}  |a SNK  |b SNK  |y VYP  |7 0  |p 17A0011170  |o snkSC 57725 D1  |0 0  |1 0  |4 0  |d 1996-09-25  |l 0  |r 2004-12-31 00:00:00  |w 2026-02-23